000 00649nam a2200205Ia 4500
003 OSt
005 20250625165007.0
008 210707s1983 xx 000 0 und d
040 _cAL
041 _aKannada
082 _aK894.1 NISN
100 _aNisar Ahamad K S ನಿಸಾರ್ ಅಹಮದ್ ಕೆ ಎಸ್
_9144911
245 _aNisar Ahamad avara ayda kavitegalu.
_b ನಿಸಾರ್ ಅಹಮದ್ ಅವರ ಆಯ್ದ ಕವಿತೆಗಳು
260 _aBengaluru
_bVishva Kannada Sammelana
_c1983
300 _aviii,189 p
365 _b2
_cINR
563 _aPB
650 _aKannada Poetry
_9144912
942 _2ddc
_cBK
999 _c180124
_d180124